000 00388nam a2200157Ia 4500
008 230917s9999||||xx |||||||||||||| ||und||
020 _cPOU15
040 _e8985
_aMAIN
041 _aEnglish
082 _a327.47 B462P
100 _aBertram, Christoph, ed.
245 0 _aProspects of Soviet power in the 1980
260 _aLondon
_bMacmillan
_c1980
300 _a126 p.
942 _cBK
999 _c219250
_d219250